000 01994nam a2200325 a 4500
001 BRCA_3010
005 20190320204053.0
008 200109s1717----fr-a---###---#000-0#fre-u
041 _afre
044 _afr
084 _a329
_b.A43
_c1717
100 1 _aCervantes Saavedra, Miguel de
_d1547-1616
_9213
245 1 0 _aHistoire de L´Admirable Don Quichotte de la Manche
_cMiguel de Cervantes Saavedra ; Traduit par Filleau de Saint-Martin.
260 _aLyon (Francia)
_bThomas Amaulry
_c1717
300 _a6 v.
_bil.
_c16 cm.
500 _aContenido : v 1. Primera parte. Advertencia del librero. Privilegio. Texto. -- v 2. Texto. -- v 3. Segunda parte. Texto. -- v 4. Texto. -- v 5. Primera parte de la continuación escrita por el traductor. Texto. -- v 6. Segunda parte de la continuación escrita por el traductor. Texto
500 _aEdición : Nouvelle Edition Revueë Corrigée et Augmentée Considerablement et des Notes a la Marge de Tout ce que Livre Contient, Avec 58 Figures en Taille Douce
500 _aReproducción de anteriores ediciones de la traducción de Filleau de Saint-Martin, publicadas por el mismo editor con la adición de notas marginales, una explicación de las láminas, y la continuación del traductor. Las láminas están grabadas de nuevo por Bizot. Semipiel; lomeras decoradas con adornos Lúdovik Osterc
500 _aEStado físico : En los 6 volúmenes se mutiló la primera ilustración. En el volumen 1 la encuadernación está pegada con cinta adhesiva. Firma en la cubierta
500 _aQM258
546 _aTexto en : francés
650 1 4 _aNovela española
_yÉpoca clásica, 1500-1700
_9215
650 1 4 _aLiteratura española
_yÉpoca clásica, 1500-1700
_9216
650 1 4 _aNovela española
_ySiglo XVII
_9217
650 1 4 _aDon Quijote (Personaje ficticio)
_eNovela
_9218
700 1 _aSaint-Martin, Filleau de
_d1632-1695
_eTraductor
_98303
740 0 _aEl Ingenioso Hidalgo Don Quijote de la Mancha
902 _aQFM
942 _2lcc
_cB
999 _c2748
_d2748